| 000 | 00362nam a2200145 a 4500 | ||
|---|---|---|---|
| 001 | 1263 | ||
| 003 | CDMR | ||
| 005 | 20131121165901.0 | ||
| 008 | 130130s1971||||||||||||||||||||||||||||d | ||
| 040 |
_aCDMR _bcat _cCDMR |
||
| 100 | 1 |
_aMarin, Louis _9984 |
|
| 245 | 1 | 0 |
_aEtudes sémiologiques _b: ecriture, peintures |
| 260 |
_aParis _c1971 _bKlincksieck |
||
| 942 |
_cMON _2udc |
||
| 999 |
_c1263 _d1263 |
||